000 00356nam a22001337a 4500
020 _a978-81-7335-810-4
082 _a530
_bBAT/N
100 _aSUNIL BATRA
245 _aSARASWATI NCERT SOLVED QUESTIONS PHYSICS
_bCLASS XII
260 _aDELHI
_bSARASWATI HOUSE PVT LTD
300 _a104
650 _aPHYSICS SOLVED QUESTIONS FOR CLASS XII
_zINDIA
942 _cBK
999 _c671
_d671